000 nam a22 7a 4500
999 _c10335
_d10335
008 180213b ||||| |||| 00| 0 eng d
100 _aCBSE
_96295
245 _aS.Q.P. Mathematics-X
260 _aNew Delhi
_bOswaal
_c2012